[Event "GER-chT U14"]
[Site "Regensburg"]
[Date "2014.12.28"]
[Round "4.1"]
[White "Kuehner, Tobias"]
[Black "Stirner, Christof"]
[Result "1-0"]
[WhiteElo "1572"]
[BlackElo "1404"]
[PlyCount "37"]
[EventDate "2014.12.27"]
[EventType "team-swiss"]
[EventRounds "7"]
[EventCountry "GER"]
[SourceTitle "EXT 2016"]
[Source "ChessBase"]
[SourceDate "2015.10.08"]
[SourceVersion "1"]
[SourceVersionDate "2015.10.08"]
[SourceQuality "1"]
[WhiteTeam "Bickenbach"]
[BlackTeam "Spaichingen"]
[WhiteTeamCountry "GER"]
[BlackTeamCountry "GER"]

1. d4 Nf6 2. Nf3 e6 3. c4 b6 4. Nc3 Bb7 5. e3 d5 6. g3 g6 7. Bg2 Bg7 8. 0-0 0-0 9. cxd5 Nxd5 10. Re1 Nd7 11. e4 Nxc3 12. bxc3 Nf6 13. Nd2 Re8 14. e5 Bxg2 15. exf6 Qd5 16. fxg7 Bh3 17. Qf3 Qd8 18. Ne4 Kxg7 19. Bg5 1-0